Democracies: (Record no. 5995)
[ view plain ]
| 000 -LEADER | |
|---|---|
| fixed length control field | 00932cas a2200265 a 4500 |
| 005 - DATE AND TIME OF LATEST TRANSACTION | |
| control field | 20260204151643.0 |
| 008 - FIXED-LENGTH DATA ELEMENTS--GENERAL INFORMATION | |
| fixed length control field | 830302c19809999ii qr p 0 a0eng c |
| 020 ## - INTERNATIONAL STANDARD BOOK NUMBER | |
| International Standard Book Number | 0300031823 |
| 040 ## - CATALOGING SOURCE | |
| Original cataloging agency | KABLIB |
| Language of cataloging | eng |
| Transcribing agency | KABLIB |
| Description conventions | rda |
| 082 04 - DEWEY DECIMAL CLASSIFICATION NUMBER | |
| Classification number | 321.8 |
| Edition number | 23 |
| Item number | LIJ |
| 100 ## - MAIN ENTRY--PERSONAL NAME | |
| Personal name | Lijphart, Arend / |
| 9 (RLIN) | 15127 |
| 210 1# - ABBREVIATED TITLE | |
| Abbreviated title | Democracies |
| 222 #0 - KEY TITLE | |
| Key title | Democracies |
| Qualifying information | (Patna) |
| 245 00 - TITLE STATEMENT | |
| Title | Democracies: |
| Remainder of title | Patterns of Majoritarian and Conscensus Government in Twent-one Countries, |
| Statement of responsibility, etc. | Arenda Lijphart |
| 260 ## - PUBLICATION, DISTRIBUTION, ETC. | |
| Place of publication, distribution, etc. | Westford : |
| Name of publisher, distributor, etc. | Courier Westford, Inc. |
| Date of publication, distribution, etc. | c[1984] |
| 300 ## - PHYSICAL DESCRIPTION | |
| Extent | xii, 229 p. ; |
| Dimensions | 24 cm |
| 500 ## - GENERAL NOTE | |
| General note | Includes Index. |
| 650 #7 - SUBJECT ADDED ENTRY--TOPICAL TERM | |
| Topical term or geographic name entry element | Politics and government |
| Source of heading or term | fast |
| Authority record control number or standard number | (OCoLC)fst01919741 |
| 9 (RLIN) | 2203 |
| 651 #0 - SUBJECT ADDED ENTRY--GEOGRAPHIC NAME | |
| Geographic name | India |
| General subdivision | Politics and government |
| Form subdivision | Periodicals. |
| 9 (RLIN) | 15128 |
| 906 ## - LOCAL DATA ELEMENT F, LDF (RLIN) | |
| a | 7 |
| b | cbc |
| c | serials |
| d | 3 |
| e | ncip |
| f | 19 |
| g | n-oclcserc |
| 942 ## - ADDED ENTRY ELEMENTS (KOHA) | |
| Source of classification or shelving scheme | Dewey Decimal Classification |
| Koha item type | Book |
| Withdrawn status | Lost status | Source of classification or shelving scheme | Damaged status | Not for loan | Home library | Current library | Shelving location | Date acquired | Source of acquisition | Total Checkouts | Full call number | Barcode | Date last seen | Price effective from | Koha item type |
|---|---|---|---|---|---|---|---|---|---|---|---|---|---|---|---|
| Dewey Decimal Classification | Mukombe Library | Mukombe Library | Open Access Section | 04.02.2026 | Donation | 321.8 LIJ | 14499 | 04.02.2026 | 04.02.2026 | Book |